000 00583nam a2200229Ia 4500
003 OSt
005 20220918214137.0
006 a|||||r|||| 00| 0
007 ta
008 220917b |||||||| |||| 00| 0 eng d
024 _a136,022
037 _cTextual
040 _aARTS
_cARTS
_beng
041 _2eng
_aeng
082 _aX755.20K73.N7, L7
100 _aBanerjee Brojendra Nath
245 0 _aForeign aid to India
260 _c1977
650 _aECONOMICS
942 _hX755.20K73.N7, L7
_cTEXL
_2CC
999 _c259112
_d259112